|
|
|
|
| LEADER |
00000nab a2200000 a 4500 |
| 001 |
vtls001003556 |
| 003 |
SK-MaSNL |
| 005 |
20260303040943.0 |
| 008 |
040720e19971222xo 0 slo |
| 035 |
|
|
|a RV4156
|
| 040 |
|
|
|a RVGKPD
|b slo
|c RVGKPD
|e AACR2
|
| 041 |
0 |
|
|a slo
|
| 044 |
|
|
|a xo
|c SK
|
| 080 |
|
|
|a 785.6
|2 1981
|
| 100 |
1 |
|
|a Olbrichtová, Gabriela
|4 aut
|9 1025572
|
| 245 |
1 |
0 |
|a Vianočný ďakovný koncert
|
| 300 |
|
|
|b 2 foto
|
| 650 |
0 |
7 |
|a koncerty vianočné
|2 RVGKPD
|9 884229
|
| 650 |
0 |
7 |
|a evanjelické kostoly
|2 RVGKPD
|9 86148
|
| 651 |
|
7 |
|a Rožňava (Slovensko)
|2 RVGKPD
|9 17394
|
| 773 |
0 |
8 |
|t Zora Gemera
|g Roč. 5, č.51-52, 22.12.1997, s. 6
|
| 852 |
|
|
|a ZVYKNI
|b KIS3GCP
|
| 999 |
|
|
|c 1684472
|d 1686402
|